000 nam a22 7a 4500
999 _c7898
_d7898
008 171107b xxu||||| |||| 00| 0 eng d
100 _aGomber.K.L.
_94363
245 _aPhysics-X
260 _anew Delhi
_bPradeep
_c2009